000 01272nam a2200229Ia 4500
999 _c36753
_d36753
001 2691
003 GE_BSU
005 20190604144618.0
008 181216s||||||||xx |||||||||||||| ||und||
020 _a978994148
040 _cGE_BSU
080 _a329.141(479.22)
100 _aსაბაშვილი, თენგიზ
_92036
245 _aსოციალ-დემოკრატი ბოლშევიკი ტერორისტები ილია ჭავჭავაძის მკვლელები :
_bილიას მკვლელთა ვინაობისათვის /
_cსამეც. რედ. თეიმურაზ ვახტანგიშვილი, რედ. ნინო სოზაშვილი.
264 _aთბილისი :
_bსაგამომც.სახლი ემ–პი–ჯი,
_c2011.
300 _a460 გვ.:
_bილ.,
_c28 სმ.
653 _aპოლიტიკა
653 _aპოლიტიკური პარტიები
700 _aვახტანგიშვილი, თეიმურაზ
_eრედაქტორი
_92037
700 _aსოზაშვილი, ნინო
_eრედაქტორი
_92038
942 _cBK
_2udc